00256pab a2200097 454500008003600000100001800036245003900054650001500093650002800108773002200136180718b xxu||||| |||| 00| 0 eng d aSimha, S.L.N. aTowards a more efficient democracy a Democracy aPolitics and Government aFinancial Express